LEADER 01915nam 2200409 n 450 001 996396583603316 005 20221108095441.0 035 $a(CKB)4330000000331494 035 $a(EEBO)2240899438 035 $a(UnM)99831466 035 $a(UnM)9928282400971 035 $a(EXLCZ)994330000000331494 100 $a19951011d1655 uy | 101 0 $aeng 135 $aurbn||||a|bb| 200 04$aThe body of the common law of England$b[electronic resource] $eas it stood in force before it was altered by statute, or acts of Parliament, or state. Together with an exact collection of such statutes, as have altered, or do otherwise concern the same. Whereunto is also annexed certain tables containing a summary of the whole law, for the help and delight of such students as affect method. By Edm. Wingate of Grayes-Inne Esq; 205 $aThe second edition corrected and amended. 210 $aLondon $cprinted for H: Twyford in Vine Court Middle-Temple, and Roger Wingate, at the Golden Hynd in Chancery Lane$d1655 215 $a[4], 90, [4], 76, [46] p. $cill. tables 300 $aSignatures: [A]² B-G chi² ² B-F ² A-C [- G6-G8, ² F7-F8, ³C8]. 300 $aCaption title on p. 1 (second sequence): Statutes:; with a separate register and pagination. 300 $a"A summary of the common law of England." has a separate dated title apage, and register; not paginated. 300 $aReproduction of the original in the Bodleian Library. 330 $aeebo-0014 606 $aCommon law$zEngland$vEarly works to 1800 606 $aLaw$zEngland$vEarly works to 1800 615 0$aCommon law 615 0$aLaw 700 $aWingate$b Edmund$f1596-1656.$0320199 801 0$bCu-RivES 801 1$bCu-RivES 801 2$bCStRLIN 801 2$bWaOLN 906 $aBOOK 912 $a996396583603316 996 $aThe body of the common law of England$92322152 997 $aUNISA LEADER 01477nas 2200457-- 450 001 996293650403316 005 20201202040744.8 011 $a2164-0661 035 $a(OCoLC)225238324 035 $a(CKB)2560000000238421 035 $a(CONSER)--2011203323 035 $a(DE-599)ZDB2799810-1 035 $a(EbpS)FUYV 035 $a(EXLCZ)992560000000238421 100 $a20790502a20009999 --- a 101 0 $aeng 135 $aur||||||||||| 181 $ctxt$2rdacontent 182 $cc$2rdamedia 183 $acr$2rdacarrier 200 00$aJournal of string research 210 $aTucson, Ariz. $cSchool of Music and Dance, University of Arizona 210 2 $aFairfax, VA $cAmerican String Teachers Association 210 3 $aFairfax, VA $cAmerican String Teachers Association ;$aLos Angeles $cSage 300 $aRefereed/Peer-reviewed 311 $a1948-4992 517 1 $aJSR 517 1 $aString research journal 517 1 $aSRJ 517 1 $aJournal [of the] American String Teachers Association 517 1 $aASTA journal 606 $aStringed instruments$xResearch$vPeriodicals 608 $aPeriodicals.$2fast 615 0$aStringed instruments$xResearch 676 $a787 712 02$aInstitute for Innovation in String Music Teaching (University of Arizona) 712 02$aAmerican String Teachers Association. 906 $aJOURNAL 912 $a996293650403316 996 $aJournal of string research$92877247 997 $aUNISA